Minnesota Timberwolves All-Decade Teams - Statistics

General Stats
  • This quiz has been taken 18 times
  • The average score is 13 of 20
Answer Stats
Decade Pos. Year(s) WS Player % Correct
2020s C/PF 2020-2024 29.6 Karl-Anthony Towns
100%
2010s C 2016-2019 45.4 Karl-Anthony Towns
100%
2000s PF 2000-2007 111.8 Kevin Garnett
100%
1990s PF 1996-1999 26.6 Kevin Garnett
100%
2020s SG 2021-2026 31.4 Anthony Edwards
94%
2010s PF 2010-2014 41.7 Kevin Love
94%
2020s PG 2023-2026 17.8 Mike Conley
94%
2020s C 2023-2026 38.3 Rudy Gobert
94%
2010s SF 2015-2019 13.0 Andrew Wiggins
88%
2020s PF/SF 2021-2026 23.1 Jaden McDaniels
88%
2010s PG 2012-2017 23.2 Ricky Rubio
75%
2000s SF 2000-2006 41.0 Wally Szczerbiak
69%
2000s PG 2000-2002 20.8 Terrell Brandon
44%
1990s PF/C 1993-1996 19.0 Christian Laettner
31%
1990s SG 1990-1998 16.9 Doug West
31%
2000s C/SF 2000, 2002-2003 13.9 Joe Smith
31%
1990s PG 1990-1992 14.4 Pooh Richardson
19%
1990s SF 1990-1992, 1996-1999 29.1 Sam Mitchell
19%
2000s SG 2000-2003 14.3 Anthony Peeler
13%
2010s SG/PG 2011-2013 11.6 Luke Ridnour
6%
No matching quizzes found
Score Distribution
Percent of People with Each Score
Percentile by Number Answered
Your Score History
You have not taken this quiz